000 00607nam a2200241Ia 4500
003 OSt
005 20221005132320.0
006 a|||||r|||| 00| 0
007 ta
008 221004b |||||||| |||| 00| 0 tam d
024 _a48182
037 _cTextual
040 _aCRL
_cCRL
_btam
041 _2tam
_atam
082 _aO31,1C5, L6
100 _aNayanar Thiruvalluva Au.
_9640908
245 0 _aThirukkural
260 _c1976
650 _a TAMIL POETRY
650 _aTAMIL LITERATURE
942 _hO31,1C5, L6
_cTEXL
_2cc
999 _c1063232
_d1063232